Achieving Success in Business Negotiation bakalárska práca

Na minha lista:
Detalhes bibliográficos
Autor principal: Hladíková, Natália
Autor Corporativo: Fakulta aplikovaných jazykov EU v Bratislave. Katedra interkultúrnej komunikácie
Outros Autores: Pápaiová, Adriana
Formato: Livro
Idioma:inglês
Publicado em: Bratislava 2015
Tags: Adicionar Tag
Sem tags, seja o primeiro a adicionar uma tag!

MARC

LEADER 00000nbm a2200000 4500
001 0202055
005 20161212094239.7
041 0 |a eng 
044 |a SK 
245 1 0 |a Achieving Success in Business Negotiation  |b bakalárska práca  |c Natália Hladíková ; školiteľ: Adriana Pápaiová 
264 1 |a Bratislava  |c 2015 
300 |a 48 s. 
100 1 |a Hladíková, Natália 
700 1 |a Pápaiová, Adriana 
710 2 |a Fakulta aplikovaných jazykov EU v Bratislave. Katedra interkultúrnej komunikácie